Speeches (Record no. 48125)

MARC details
000 -LEADER
campo de control de longitud fija 00519nam a22001695i 4500
001 - NÚMERO DE CONTROL
campo de control 48125
003 - IDENTIFICADOR DE NÚMERO DE CONTROL
campo de control ES-MaACL
007 - CAMPO FIJO DE DESCRIPCIÓN FÍSICA--INFORMACIÓN GENERAL
campo de control de longitud fija t|
008 - DATOS DE LONGITUD FIJA--INFORMACIÓN GENERAL
campo de control de longitud fija 950705s1885 xxk ||||1| eng d
040 ## - FUENTE DE CATALOGACIÓN
Centro catalogador/agencia de origen CAM
Lengua de catalogación spa
Centro/agencia transcriptor CAM
100 1# - ENTRADA PRINCIPAL--NOMBRE DE PERSONA
Nombre de persona Chamberlain, Joseph.
9 (RLIN) 37854
245 10 - MENCIÓN DEL TÍTULO
Título Speeches
Resto del título : with a sketch of his life /
Mención de responsabilidad, etc. of Joseph Chamberlain; edited by Henry W. Lucy.
260 ## - PUBLICACIÓN, DISTRIBUCIÓN, ETC.
Lugar de publicación, distribución, etc. London :
Nombre del editor, distribuidor, etc. george Routledge and Sons,
Fecha de publicación, distribución, etc. 1885.
300 ## - DESCRIPCIÓN FÍSICA
Extensión XII, 13-256 p. ;
Dimensiones 19 cm.
700 1# - ENTRADA AGREGADA--NOMBRE PERSONAL
Nombre de persona Lucy, Henry W.
9 (RLIN) 74607
852 ## - LOCALIZACIÓN
Ubicación ES-MaACL
Número de control de estantería G-467
Holdings
Estatus retirado Estado de pérdida Estado de daño No para préstamo Colección Biblioteca de origen Biblioteca actual Ubicación en estantería Fecha de adquisición Fuente de adquisición Total de préstamos Signatura topográfica completa Código de barras Visto por última vez Precio de reemplazo Tipo de ítem Koha
        Libros del s. XIX Biblioteca del Ateneo de Madrid Biblioteca del Ateneo de Madrid Depósito 2 17/01/2008     G-467 1050650 23/02/2023 23/02/2023 Libro impreso antiguo